| 000 | 00750cam a2200277 a 4500 | ||
|---|---|---|---|
| 999 |
_c2996 _d2996 |
||
| 001 | 14253703 | ||
| 003 | OSt | ||
| 005 | 20230914131813.0 | ||
| 008 | 060202s2005 enk 000 0 eng | ||
| 010 | _a 2006372925 | ||
| 020 | _a041377547X | ||
| 020 | _a9780413775474 | ||
| 035 | _a(CaONFJC)ct4732772 | ||
| 040 |
_aDLC _cDLC _dDLC _dKH8 |
||
| 082 | _a822.92 STE | ||
| 100 | 1 |
_aStephens, Simon, _d1971- _eauthor. |
|
| 240 | 1 | 0 |
_aPlays. _kSelections |
| 245 | 1 | 0 |
_aPlays, 1 / _cSimon Stephens. |
| 246 | 3 | _aPlays, one | |
| 260 |
_aLondon : _bMethuen, _c2005. |
||
| 300 |
_axiii, 338 p. ; _c20 cm. |
||
| 490 | 0 | _aMethuen drama | |
| 490 | 0 | _aMethuen contemporary dramatists | |
| 505 | 0 | _aBluebird -- Christmas -- Herons -- Port. | |
| 942 |
_2ddc _cTR |
||